000 00257nam a22001097a 4500
008 230620b xxu||||| |||| 00| 0 eng d
082 _a322.42
_bHUX
245 _aA Thing to Love
260 _aLondon
_bChatto & Windus
_c1954
300 _a253p
942 _2ddc
_cBK
999 _c1854
_d1854